All MLS Teams Ever - Statistics

General Stats
  • This quiz has been taken 57 times
  • The average score is 23 of 30
Answer Stats
Answer % Correct
Seattle Sounders
94%
Chicago Fire
92%
Los Angeles Galaxy
92%
Portland Timbers
90%
Los Angeles FC
88%
New York Red Bulls
88%
DC United
86%
FC Dallas
86%
CF Montréal
84%
Houston Dynamo
84%
Inter Miami CF
84%
Vancouver Whitecaps FC
84%
Columbus Crew
82%
New York City FC
82%
Toronto FC
82%
Austin FC
80%
San Jose Earthquakes
80%
Atlanta United
76%
Minnesota United
76%
New England Revolution
76%
Sporting Kansas City
76%
Orlando City SC
75%
Philadelphia Union
75%
Colorado Rapids
71%
FC Cincinnati
71%
Nashville SC
71%
Real Salt Lake
71%
Chivas USA
55%
Tampa Bay Mutiny
47%
Miami Fusion
35%
No matching quizzes found
Score Distribution
Percent of People with Each Score
Percentile by Number Answered
Your Score History
You have not taken this quiz